000 00532nmm a2200181Ia 4500
008 251105s9999||||xx |||||||||||||||||und||
041 _aspa
100 _aSinclair, Cherise
245 0 _aEl amo del placer
264 _a[Madrid, España] :
_bEdiciones Pàmies,
_c[Fecha de publicación no identificada]
300 _a272 páginas
490 _aPhoebe
650 _aErotic novel
700 _aSinclair, Cherise
700 1 _a Losada Rey, Maria José
856 _uhttps://public.digitaliapublishing.com/a/84697
942 _cCF
999 _c71480
_d71480